Agricultural problems of India. (Record no. 36498)

MARC details
000 -LEADER
fixed length control field 00343nam a2200133Ia 4500
082 ## - DEWEY DECIMAL CLASSIFICATION NUMBER
Classification number 331:631.58(540)
Item number BAN
100 ## - MAIN ENTRY--AUTHOR NAME
Personal name BANSIL, P C
245 #0 - TITLE STATEMENT
Title Agricultural problems of India.
250 ## - EDITION STATEMENT
Edition statement Ed.4
260 ## - PUBLICATION, DISTRIBUTION, ETC. (IMPRINT)
Place of publication New Delhi
Name of publisher Oxford & IBH
Year of publication 1981
650 ## - SUBJECT ADDED ENTRY--TOPICAL TERM
Topical Term Agricultural policy
942 ## - ADDED ENTRY ELEMENTS (KOHA)
Koha item type Books
Holdings
Withdrawn status Lost status Damaged status Not for loan Home library Current library Date acquired Full call number Accession Number Koha item type
        RRII Library RRII Library 16/12/2021 331:631.58(540) BAN 16904 Books